000 01318nam a2200325Ia 4500
001 ebr10052590
003 CaPaEBR
006 m u
007 cr cn|||||||||
008 010118s2002 nyua sb 001 0 eng d
020 _z030646828X (eBook)
020 _z0306463997
040 _aCaPaEBR
_cCaPaEBR
035 _a(OCoLC)559774437
050 1 4 _aQH611
_b.S84 2002eb
245 0 0 _aEnzyme-catalyzed electron and radical transfer
_h[electronic resource] /
_cedited by Andreas Holzenburg and Nigel S. Scrutton.
260 _aNew York :
_bKluwer Academic/Plenum,
_cc2002.
300 _axxviii, 723 p. :
_bill.
490 1 _aSub-cellular biochemistry ;
_vv. 35
504 _aIncludes bibliographical references and index.
533 _aElectronic reproduction.
_bPalo Alto, Calif. :
_cebrary,
_d2009.
_nAvailable via World Wide Web.
_nAccess may be limited to ebrary affiliated libraries.
650 0 _aProsthetic groups (Enzymes)
650 0 _aOxidation-reduction reaction.
655 7 _aElectronic books.
_2local
700 1 _aHolzenburg, A.
_q(Andreas)
700 1 _aScrutton, Nigel S.
710 2 _aebrary, Inc.
830 0 _aSub-cellular biochemistry ;
_vv. 35.
856 4 0 _uhttp://site.ebrary.com/lib/rucke/Doc?id=10052590
_zAn electronic book accessible through the World Wide Web; click to view
999 _c67185
_d67185